1292 1564 1319 1304 1824 1939 1254 1619 1008 1356 1999 1412 1538 1927 1937 1389 1957 1142 1565 1466 1324 1784 1563 1273 1667 1564 1294 1883 1141 1518 1043 1306 1861 1276 1896 1813 1146 1797 2000 1281 1700 1332 1822 1827 1025 1040 1251 1068 1795 1537 1087 1909 1946 1943 1776 1611 1069 1469 1159 1854 1641 1253 1241 1003 1667 1726 1890 1987 1341 1781 1153 1592 1335 1113 1358 1679 1863 1890 1253 1139 1434 1673 1501 1158 1590 1959 1331 1967 1613 1160 1047 1969 1771 1013 1753 1944 1019 1510 1277 BCNSPRNW ULIB Ver.6.0+V

เปลี่ยนเป็นภาษาไทย

Change to English
 แสดงรายละเอียดบรรณานุกรม
  กลับหน้าหลัก

Brief Record : Get Marc (ISO 2709) : E-mail record : QR code < ปิดหน้าต่าง
LEADER : 00000nam 2200000uu 4500
001    13399125169
003     ULIB
008    161027s2559||||th 000 0 tha d
099 04 ^aวจ.QA76^bจ392ก
100 0  ^aจิตติ นิสยันต์และคณะ
245 10 ^aการสร้างหลักสูตรสอนเสริมเพื่อพัฒนาสมรรถนะเทคโนโลยีสารสนเทศและการสื่อสาร ก่อนฝึกประสบการณ์วิชาชีพสำหรับนักศึกษาวิทยาลัยการสาธารณสุขสิรินธร จังหวัดพิษณุโลก/^cจิตติ นิสยันต์และคณะ
260    ^aพิษณุโลก :^bวิทยาลัยการสาธารณสุขสิรินธร สถาบันพระบรมราชชนก สำนักงานปลัดกระทรวง,^c2559
300    ^a157 หน้า
945    ^p0^l0^i001428
999 ^a ณรีรัตน์
รายการนี้ยังไม่มีแท็ก
คุณยังไม่ได้ล็อกอิน คุณสามารถมีกิจกรรมร่วมกับเว็บไซต์ได้ แต่ต้องล็อกอินก่อน ::
  ล็อกอิน

รายการสื่อสารสนเทศ

ลำดับที่ ประเภท เลขเรียก/บาร์โค้ด สถานที่ สถานะ
1. งานวิจัย
งานวิจัย
วจ.QA76 จ392ก ฉ.1 
  Barcode: 001428
ห้องสมุดวิทยาเขตสวรรค์ประชารักษ์
►วิจัย
บนชั้น

รายการใกล้เคียง
    ผู้แต่ง [จิตติ นิสยันต์และคณะ]

BibComment


ยังไม่เคยถูกคอมเมนท์

คอมเมนท์ทรัพยากรรายการนี้
  คอมเมนท์: การสร้างหลักสูตร..


 Copyright 2026. Bcnsprnw @Library